Guess the Main Characters- Alice in Borderland - Statistics

General Stats
  • This quiz has been taken 543 times
  • The average score is 9 of 11
Answer Stats
Actor/Actress Character % Correct
Kento Yamazaki Ryōhei Arisu
99%
Tao Tsuchiya Yuzuha Usagi
93%
Nijirō Murakami Shuntarō Chishiya
89%
Aya Asahina Hikari Kuina
88%
Ayaka Miyoshi Ann Rizuna
85%
Sho Aoyagi Aguni Morizono
84%
Dori Sakurada Suguru Niragi
82%
Keita Machida Daikichi Karube
80%
Aguni Morinaga Chōta Segawa
77%
Ayame Misaki Saori Shibuki
54%
Nobuaki Kaneko Takeru Danma (Hatter)
53%
No matching quizzes found
Score Distribution
Percent of People with Each Score
Percentile by Number Answered
Your Score History
You have not taken this quiz